000 00630nam a2200217Ia 4500
005 20241129110025.0
008 241129s9999||||xx |||||||||||||| ||und||
020 _a978-1-84893-472-6
037 _aTB
040 _aARTS
_beng
_cARTS
041 _aeng
_2eng
084 _aV49G.P Q4
_qARTS
100 _aSchulz Forberg Hagen Ed.
_9726931
245 0 _aGlobal conceptual history of Asia 1860-1940
_cSchulz Forberg Hagen Ed.
260 _aUK
_bPickering & Chatto
_c2019
300 _axvi,205p.
365 _aUKP
_b145
650 _aSouth Aisa - History
_9726932
942 _cTB
_hV49G.P Q4
999 _c1227038
_d1227038